=LDR 00000nam 2200000 4500 =001 INLIS000000000059388 =005 20211207075757 =035 ##$$a 0010-1121000125 =007 ta =008 211207###########################0#ind## =020 ##$$a 978-979-010-427-3 =082 ##$$a 499 221 5 =084 ##$$a 499.221.5 Mas t =245 1#$$a Tata Bentuk Bahasa Indonesia : $b Kajian Ke Arah Tatabahasa Deskriptif /$c Masnur Muclich =250 ##$$a Cet.1 =300 ##$$a xii, 200 halaman ; $c 21 cm =600 #4$$a Bahasa Indonesia-TataBahasa =264 ##$$a jakarta :$b Bumi Aksara,$c 2009 =336 ##$$a teks$2 rdacontent =337 ##$$a lain-lain$2 rdamedia =338 ##$$a lain-lain$2 rdacarrier =990 ##$$a 3202102826 =990 ##$$a 34083408